An introduction to child and adolescent mental health

Guardat en:
Dades bibliogràfiques
Autor principal: BURTON, Maddie
Format: Llibre
Idioma:anglès
Publicat: Sage 2014
Etiquetes: Afegir etiqueta
Sense etiquetes, Sigues el primer a etiquetar aquest registre!

MARC

LEADER 00000nam a22000007a 4500
008 210531b ||||| |||| 00| 0 eng d
020 |a  978-1-4462-4945-1 
100 |a BURTON, Maddie 
245 |a An introduction to child and adolescent mental health  |c  Maddie Burton, Erica Pavord and Briony Williams.   |g viii, 237p.; ill 
260 |b Sage  |c 2014  |h  Los Angeles  |i 693297   |i  693298   |l RJ499 .B95  |m Child mental health. 2. 3. 4. 5.   |m Teenagers – Mental health.   |m Child mental health services.   |m Teenagers – Mental health services.   |m Psychology, Adolescent.   |m Psychology, Child 
500 |a “It includes references and index.” 
942 |a lcc  |c BK  |e Adekanye, I.H.  |f 31/05/2021 
952 |0 0  |1 0  |2 lcc  |4 0  |6 RJ0499 B95  |7 0  |9 2526  |a HOL  |b HE  |c QZ  |d 2021-05-31  |l 0  |o RJ499 .B95  |p 2021-6378  |r 2021-05-31 00:00:00  |w 2021-05-31  |y BK 
952 |0 0  |1 0  |2 lcc  |4 0  |6 RJ0499 B95  |7 0  |9 2527  |a HOL  |b HOL  |c QZ  |d 2021-05-31  |l 0  |o RJ499 .B95  |p 2021-6379  |r 2021-05-31 00:00:00  |w 2021-05-31  |y BK 
999 |c 1314  |d 1314